Подробности
| 000 -МАРКЕР |
| контрольное поле |
02342nam0a2200409 4500 |
| 001 - ИДЕНТИФИКАТОР ЗАПИСИ |
| контрольное поле |
RU\NLR\BIBL_A\022093431 |
| 005 - ИДЕНТИФИКАТОР ВЕРСИИ |
| контрольное поле |
20231213161122.0 |
| 010 ## - МЕЖДУНАРОДНЫЙ СТАНДАРТНЫЙ НОМЕР КНИГИ (ISBN) |
| Номер (ISBN) |
978-5-9704-8176-9 |
| Тираж |
1000 |
| 021 ## - НОМЕР ГОСУДАРСТВЕННОЙ РЕГИСТРАЦИИ |
| Код страны |
Российская Федерация |
| Номер |
КН-П-23-070116 |
| Номер Листа государственной регистраци |
КН-П-23-7109 |
| 035 ## - ДРУГИЕ СИСТЕМНЫЕ НОМЕРА |
| Идентификатор записи |
(NLR Aleph) 022093431 |
| 100 ## - ДАННЫЕ ОБЩЕЙ ОБРАБОТКИ |
| Данные общей обработки |
20231211d2024 u y0rusy50 ca |
| 101 1# - ЯЗЫК РЕСУРСА |
| Язык текста, звукозаписи и т.д. |
русский |
| Язык оригинала |
английский |
| 102 ## - СТРАНА ПУБЛИКАЦИИ ИЛИ ПРОИЗВОДСТВА |
| Страна публикации |
Российская Федерация |
| 105 ## - ПОЛЕ КОДИРОВАННЫХ ДАННЫХ: ТЕКСТОВЫЕ МАТЕРИАЛЫ, МОНОГРАФИЧЕСКИЕ |
| Кодированные данные о монографическом текстовом документе |
a|||g|||001yy |
| 181 #0 - ПОЛЕ КОДИРОВАННЫХ ДАННЫХ: ВИД СОДЕРЖАНИЯ |
| Код вида содержания (ISBD) |
i3 |
| Код характеристики содержания (ISBD) |
axxe |
| 181 #0 - ПОЛЕ КОДИРОВАННЫХ ДАННЫХ: ВИД СОДЕРЖАНИЯ |
| Код вида содержания (ISBD) |
b2 |
| Код характеристики содержания (ISBD) |
xb2e |
| 182 #0 - ПОЛЕ КОДИРОВАННЫХ ДАННЫХ: ТИП СРЕДСТВА |
| Код типа средства (ISBD) |
n - непосредственное |
| 200 1# - ЗАГЛАВИЕ И СВЕДЕНИЯ ОБ ОТВЕТСТВЕННОСТИ |
| Основное заглавие |
Атлас хирургических операций Золлингера |
| Сведения, относящиеся к заглавию |
более 200 высокотехнологичных и традиционных операций, 2000 иллюстраций |
| Первые сведения об ответственности |
Эдвин Кристофер Эллисон, Роберт М. Золлингер (мл.), Тимоти М. Павлик, Патрик С. Ваккаро |
| Последующие сведения об ответственности |
перевод с английского под редакцией академика РАН В. А. Кубышкина |
| 203 ## - ВИД СОДЕРЖАНИЯ И ТИП СРЕДСТВА |
| Вид содержания |
Текст |
| -- |
Изображение |
| Дополнительные сведения об издании |
визуальные |
| Тип средства |
непосредственные |
| 205 ## - СВЕДЕНИЯ ОБ ИЗДАНИИ |
| Сведения об издании |
2-е изд. |
| 210 ## - ПУБЛИКАЦИЯ, РАСПРОСТРАНЕНИЕ И ДР. |
| Место издания, распространения и т.д. |
Москва |
| Имя издателя, распространителя и т. д. |
Гэотар-медиа |
| Дата издания, распространения и т.д. |
2024 (печ. 2023) |
| 215 ## - ФИЗИЧЕСКАЯ ХАРАКТЕРИСТИКА |
| Специфическое обозначение материала и объем |
719 с. |
| Другие сведения о физической характеристике |
ил., цв. ил. |
| Размеры |
35 |
| 300 ## - ОБЩИЕ ПРИМЕЧАНИЯ |
| Текст примечания |
Загл. и авт. ориг.: Zollinger's atlas of surgical operations / E. Christopher Ellison, MD, FACS, MAMSE, Robert M. Zollinger, Jr. MD, FACS, Timothy M. Pawlik, MD, MPH, PhD, FACS, Patrick S. Vaccaro, MD, MBA, FACS |
| 320 ## - ПРИМЕЧАНИЯ О НАЛИЧИИ В ДОКУМЕНТЕ БИБЛИОГРАФИИ / УКАЗАТЕЛЯ |
| Текст примечания |
Предм. указ.: с. 714-719 |
| 454 #0 - ОРИГИНАЛ (ПЕРЕВОДА) |
| Встроенное поле |
2001#$aZollinger's atlas of surgical operations$fE. Christopher Ellison, MD, FACS, MAMSE, Robert M. Zollinger, Jr. MD, FACS, Timothy M. Pawlik, MD, MPH, PhD, FACS, Patrick S. Vaccaro, MD, MBA, FACS |
| 606 1# - НАИМЕНОВАНИЕ ТЕМЫ КАК ПРЕДМЕТ |
| Наименование темы |
Операции (хирург.) |
| Формальный подзаголовок |
Атласы |
| Код системы |
nlr_sh1 |
| -- |
nlr_sh2 |
| Идентификатор авторитетной/нормативной записи |
RU\NLR\AUTH\6690901 |
| 686 1# - ИНДЕКСЫ ДРУГИХ КЛАССИФИКАЦИЙ |
| Индекс |
Р454я61 |
| 701 #1 - ИМЯ ЛИЦА - АЛЬТЕРНАТИВНАЯ ОТВЕТСТВЕННОСТЬ |
| Начальный элемент ввода |
Эллисон |
| Часть имени, кроме начального элемента ввода |
Э. К. |
| Расширение инициалов личного имени |
Эдвин Кристофер |
| 701 #1 - ИМЯ ЛИЦА - АЛЬТЕРНАТИВНАЯ ОТВЕТСТВЕННОСТЬ |
| Начальный элемент ввода |
Золлингер |
| Часть имени, кроме начального элемента ввода |
Р. М. |
| Дополнения к именам, кроме дат |
мл. |
| Даты |
1934- |
| Расширение инициалов личного имени |
Роберт М. |
| Идентификатор авторитетной/нормативной записи |
RU\NLR\AUTH\7780361 |
| 701 #1 - ИМЯ ЛИЦА - АЛЬТЕРНАТИВНАЯ ОТВЕТСТВЕННОСТЬ |
| Начальный элемент ввода |
Павлик |
| Часть имени, кроме начального элемента ввода |
Т. М. |
| Расширение инициалов личного имени |
Тимоти М. |
| 701 #1 - ИМЯ ЛИЦА - АЛЬТЕРНАТИВНАЯ ОТВЕТСТВЕННОСТЬ |
| Начальный элемент ввода |
Ваккаро |
| Часть имени, кроме начального элемента ввода |
П. С. |
| Расширение инициалов личного имени |
Патрик С. |
| 702 #1 - ИМЯ ЛИЦА - ВТОРИЧНАЯ ОТВЕТСТВЕННОСТЬ |
| Начальный элемент ввода |
Кубышкин |
| Часть имени, кроме начального элемента ввода |
В. А. |
| Расширение инициалов личного имени |
Валерий Алексеевич |
| 942 ## - ДОПОЛНИТЕЛЬНЫЕ ЭЛЕМЕНТЫ ЗАПИСИ (АБИС) |
| Тип экземпляра АБИС |
Книга |
| 980 ## - КОЛЛЕКЦИЯ |
| Название коллекции |
Национальная библиография |